VANDE MATHARAM (Record no. 8022)
[ view plain ]
| 000 -LEADER | |
|---|---|
| fixed length control field | 00265nam a22001217a 4500 |
| 082 ## - DEWEY DECIMAL CLASSIFICATION NUMBER | |
| Classification number | 894.812.1 |
| Item number | MUD/V |
| 100 ## - MAIN ENTRY--AUTHOR NAME | |
| Personal name | MUDRA |
| 245 ## - TITLE STATEMENT | |
| Title | VANDE MATHARAM |
| 260 ## - PUBLICATION, DISTRIBUTION, ETC. (IMPRINT) | |
| Place of publication | ERNAKULAM |
| Name of publisher | MUSIC ZONE |
| 300 ## - PHYSICAL DESCRIPTION | |
| Other physical details | CD |
| 650 ## - SUBJECT ADDED ENTRY--TOPICAL TERM | |
| Topical Term | MALAYALAM PATRIOTIC SONGS |
| Geographic subdivision | KERALA |
| 942 ## - ADDED ENTRY ELEMENTS (KOHA) | |
| Koha item type | Books |
| Withdrawn status | Lost status | Collection code | Home library | Current library | Shelving location | Date acquired | Source of acquisition | Cost, normal purchase price | Full call number | Accession Number | Koha item type |
|---|---|---|---|---|---|---|---|---|---|---|---|
| Reference | Main Library | Main Library | Audio Visual | 26/04/2006 | purchase | 60.00 | 894.812.1 MUD/V | 03813 | Books |